000 00461nam a2200157Ia 4500
003 GCL
008 140319s9999 xx 000 0 ara d
040 _aGCL /
_cGCL
082 0 4 _aط
_b813.088
_bا ا
100 1 _aالفت محمد عبدالكريم
245 1 0 _aافراح المسلم الصغير /
_cالفت محمد عبدالكريم
490 _aاطفالنا
_v0
650 0 4 _aالاطفال
650 0 4 _aقصص الاطفال
942 _2ddc
_cBK
999 _c38976
_d38976